Geeks, girls, and secret identities / (Record no. 375)

MARC details
000 -LEADER
fixed length control field 01386nam a22003857a 4500
001 - CONTROL NUMBER
control field 375
003 - CONTROL NUMBER IDENTIFIER
control field FISKH
005 - DATE AND TIME OF LATEST TRANSACTION
control field 20230403093601.0
008 - FIXED-LENGTH DATA ELEMENTS--GENERAL INFORMATION
fixed length control field 230330b cb ||||| |||| 00| 0 eng d
020 ## - INTERNATIONAL STANDARD BOOK NUMBER
International Standard Book Number 9780545531535
040 ## - CATALOGING SOURCE
Original cataloging agency DLC
Transcribing agency DLC
Modifying agency DLC
-- FISKH
Language of cataloging eng
042 ## - AUTHENTICATION CODE
Authentication code lcac
-- pcc
050 00 - LIBRARY OF CONGRESS CALL NUMBER
Classification number PZ7.J953
Item number Gee 2012
082 00 - DEWEY DECIMAL CLASSIFICATION NUMBER
Classification number 823.92
Edition number 23
100 1# - MAIN ENTRY--PERSONAL NAME
Personal name Jung, Mike.
245 10 - TITLE STATEMENT
Title Geeks, girls, and secret identities /
Statement of responsibility, etc. by Mike Jung ; with illustrations by Mike Maihack.
250 ## - EDITION STATEMENT
Edition statement 1st ed.
260 ## - PUBLICATION, DISTRIBUTION, ETC.
Place of publication, distribution, etc. New York :
Name of publisher, distributor, etc. Scholastic
Date of publication, distribution, etc. 2012.
300 ## - PHYSICAL DESCRIPTION
Extent 307 p. :
Other physical details ill. ;
Dimensions 20 cm.
505 ## - FORMATTED CONTENTS NOTE
Formatted contents note M
520 ## - SUMMARY, ETC.
Summary, etc. Twelve-year-old Vincent and his fellow members of the Captain Stupendous Fan Club help out when someone new becomes Earth's most famous superhero, without knowing anything about him, just as evil Professor Mayhem and his robot arrive in Copperplate City.
521 8# - TARGET AUDIENCE NOTE
Target audience note 790 <br/>
Source Lexile
521 8# - TARGET AUDIENCE NOTE
Target audience note M
Source Raz-Plus
650 #1 - SUBJECT ADDED ENTRY--TOPICAL TERM
Topical term or geographic name entry element Superheroes
Form subdivision Fiction.
650 #1 - SUBJECT ADDED ENTRY--TOPICAL TERM
Topical term or geographic name entry element Clubs
Form subdivision Fiction.
650 #1 - SUBJECT ADDED ENTRY--TOPICAL TERM
Topical term or geographic name entry element Robots
Form subdivision Fiction.
650 #1 - SUBJECT ADDED ENTRY--TOPICAL TERM
Topical term or geographic name entry element Middle schools
Form subdivision Fiction.
650 #1 - SUBJECT ADDED ENTRY--TOPICAL TERM
Topical term or geographic name entry element Schools
Form subdivision Fiction.
650 #1 - SUBJECT ADDED ENTRY--TOPICAL TERM
Topical term or geographic name entry element Humorous stories.
650 #1 - SUBJECT ADDED ENTRY--TOPICAL TERM
Topical term or geographic name entry element Science fiction.
700 1# - ADDED ENTRY--PERSONAL NAME
Personal name Maihack, Mike,
Relator term ill.
906 ## - LOCAL DATA ELEMENT F, LDF (RLIN)
a 7
b cbc
c orignew
d 1
e ecip
f 20
g y-gencatlg
942 ## - ADDED ENTRY ELEMENTS (KOHA)
Source of classification or shelving scheme Dewey Decimal Classification
Koha item type Books
Suppress in OPAC No
Holdings
Withdrawn status Lost status Source of classification or shelving scheme Damaged status Not for loan Collection Home library Current library Shelving location Date acquired Total Checkouts Full call number Barcode Date last seen Copy number Price effective from Koha item type Date last checked out
    Dewey Decimal Classification     Fiction Footprints International School Library Network Toul Tom Poung Campus Footprints International School Library Network Toul Tom Poung Campus A TK Campus, 4th Floor, Room B401, Fiction Bookcases (1-6) 04/03/2023   JUN 823.54 PZ7.J953 FISTK04956 04/03/2023 1 04/03/2023 Books  
    Dewey Decimal Classification     Fiction Footprints International School Library Network Toul Tom Poung Campus Footprints International School Library Network Toul Tom Poung Campus TTP Secondary Fiction Bookshelves 04/03/2023 2 JUN 823.54 PZ7.J953 2024-0463 11/10/2025 2 04/03/2023 Books 09/30/2025